Estatísticas para Esportes por Equipamentos

Clique aqui para jogar o quiz

Estatísticas Gerais

  • Esse quiz foi jogado 1 692 vezes
  • A pontuação média é 9 de 18

Estatísticas das Respostas

EquipamentosEsporte% Correto
Bola, Cesta, Aro, TabelaBasquetebol
96%
Taco, Bola, Luva, BasesBeisebol
90%
Bola, Capacete, Ombreiras, Suporte para BolaFutebol Americano
84%
Bola, Raquete, Mesa, RedeTênis de Mesa
82%
Bola, Pinos, Pista, CanaletasBoliche
70%
Bolas, Taco, Mesa, TriânguloBilhar
69%
Bola, Taco, CavaloPolo
67%
Taco (de Madeira ou Ferro), Putter, Suporte para BolaGolfe
60%
Peteca (ou Volante), Raquete, RedeBadminton
57%
Bola, Goals, PiscinaPolo Aquático
53%
Taco, Disco (ou Puck), Patins de GeloHóquei no Gelo
48%
Bola, Taco, WicketCríquete
46%
Vassoura, Goles (ou Quaffle), Pomo de Ouro (ou Snitch Dourada)Quadribol
39%
Vassoura, PedrasCurling
25%
Corda, Bolsa com Giz, MosquetõesEscalada
22%
Pelota, CestaJai Alai
8%
Discos (ou Frisbees), CestasGolfe de Disco
5%
Taco, Disco (ou Puck), Máscara de MergulhoHóquei Subaquático
5%

Distribuição das Pontuações

Percentil de Números Respondidos

Porcentagem de Pessoas com Cada Pontuação

Sua Pontuação Histórica

Você não jogou esse quiz